1144 1396 1923 1793 1648 1527 1328 1318 1761 1132 1588 1070 1448 1854 1658 1210 1205 1356 1862 1369 1550 1488 1193 1380 1273 1680 1766 1156 1308 1613 1300 1769 1428 1635 1274 1800 1900 1703 1093 1046 1595 1228 1477 1575 1394 1753 1009 1200 1647 1728 1839 1745 1816 1831 1531 1276 1604 1486 1889 1867 1248 1977 1140 1695 1011 1708 1950 1588 1900 1674 1296 1557 1453 1982 1104 1624 1467 1610 1778 1395 1727 1639 1554 1441 1645 1885 1064 1841 1485 1860 1670 1942 1084 1745 1857 1652 1242 1260 1517 BCNSPRNW ULIB Ver.6.0+V

เปลี่ยนเป็นภาษาไทย

Change to English
 แสดงรายละเอียดบรรณานุกรม
  กลับหน้าหลัก

Brief Record : Get Marc (ISO 2709) : E-mail record : QR code < ปิดหน้าต่าง
LEADER : 00000nam 2200000uu 4500
001    13399112933
003     ULIB
008    110919s2554||||th 000 0 tha d
020    9789744963901
060 04 WL39^bC977 2554
245 10 Current practical guide to stroke management /^cบรรณาธิการดิษยา รัตนากร ... [และคนอื่น ๆ]
250    พิมพ์ครั้งที่ 2
260    กรุงเทพฯ :^bสมาคม,^c2554
300    [10], 201 หน้า :^bภาพประกอบ ;^c24 ซม.
504    บรรณานุกรม
650  0 Cerebrovascular disease^vHandbooks, manuals, etc.
650  0 Cerebrovascular disease^vHandbooks, manuals, etc.
650  0 Cerebrovascular disease^xPatients^xCare^vHandbooks,manuals, etc.
650  2 Cerebrovascular disease
650  2 Stroke^xPractice Guideline
650  2 Stroke^xtherapy^vHandbooks
650  2 Stroke^xdiagnosis^vHandbooks
650  2 Stroke^xprevention & control
650  4 หลอดเลือดสมอง^xคู่มือ
650  4 หลอดเลือดสมอง,โรค^xคู่มือ
650  4 หลอดเลือดสมองผิดปกติ
653    ผลงานอาจารย์คณะแพทยศาสตร์ศิริราชพยาบาล
700 0  ดิษยา รัตนากร,^eบรรณาธิการ
700 0  ชาญพงค์ ตังคณะกุล,^eบรรณาธิการ
700 0  สามารถ นิธินันทน์,^eบรรณาธิการ
700 0  นิจศรี ชาญณรงค์ สุวรรณเวลา,^eบรรณาธิการ
700 0  สุชาติ หาญไชยพิบูลย์กุล,^eบรรณาธิการ
700 0  ยงชัย นิละนนท์,^eบรรณาธิการ
945    ^p350^l0^i030572
945    ^p350^l0^i030573
945    ^p350^l0^i030574
945    ^p350^l0^i030639
945    ^p350^l0^i030640
995    เกษร
999 ^a ใช้งานได้ทุกระบบ
รายการนี้ยังไม่มีแท็ก
คุณยังไม่ได้ล็อกอิน คุณสามารถมีกิจกรรมร่วมกับเว็บไซต์ได้ แต่ต้องล็อกอินก่อน ::
  ล็อกอิน

รายการสื่อสารสนเทศ

ลำดับที่ ประเภท เลขเรียก/บาร์โค้ด สถานที่ สถานะ
1. วิทยาศาสตร์การแพทย์ และสุขภาพ
หนังสือสำรอง
สถานะ=หนังสือสำรอง
WL39 C977 2554 ฉ.1 
  Barcode: 030572
ห้องสมุดวิทยาเขตสวรรค์ประชารักษ์
►ส่วนจัดเก็บหนังสือเก่า สปร
บนชั้น
  ขอยืม
2. วิทยาศาสตร์การแพทย์ และสุขภาพ
วิทยาศาสตร์การแพทย์ และสุขภาพ
WL39 C977 2554 ฉ.2 
  Barcode: 030573
ห้องสมุดวิทยาเขตสวรรค์ประชารักษ์
►ส่วนจัดเก็บหนังสือเก่า สปร
บนชั้น
  ขอยืม
3. วิทยาศาสตร์การแพทย์ และสุขภาพ
วิทยาศาสตร์การแพทย์ และสุขภาพ
WL39 C977 2554 ฉ.3 
  Barcode: 030574
ห้องสมุดวิทยาเขตสวรรค์ประชารักษ์
►ส่วนจัดเก็บหนังสือเก่า สปร
บนชั้น
  ขอยืม
4. วิทยาศาสตร์การแพทย์ และสุขภาพ
วิทยาศาสตร์การแพทย์ และสุขภาพ
WL39 C977 2554 ฉ.4 
  Barcode: 030639
ห้องสมุดวิทยาเขตสวรรค์ประชารักษ์
►ส่วนจัดเก็บหนังสือเก่า สปร
บนชั้น
  ขอยืม
5. วิทยาศาสตร์การแพทย์ และสุขภาพ
วิทยาศาสตร์การแพทย์ และสุขภาพ
WL39 C977 2554 ฉ.5 
  Barcode: 030640
ห้องสมุดวิทยาเขตสวรรค์ประชารักษ์
►ส่วนจัดเก็บหนังสือเก่า สปร
บนชั้น
  ขอยืม

รายการใกล้เคียง
    หัวเรื่อง [Cerebrovascular disease]
    หัวเรื่อง [หลอดเลือดสมองผิดปกติ]

BibComment


ยังไม่เคยถูกคอมเมนท์

คอมเมนท์ทรัพยากรรายการนี้
  คอมเมนท์: Current practical..


 Copyright 2026. Bcnsprnw @Library